Statistiken für Länder in der Nähe von Tuvalu

Klicken Sie hier um das Quiz zu spielen!

Allgemein

  • Dieses Quiz wurde 128 mal gespielt
  • Das Durchschnittsergebnis liegt bei 15 aus 20

Antwortstatistiken

KmLand% Korrekt
3199Australien
97%
2946Neuseeland
97%
2226Papua-Neuguinea
94%
318Fidschi
90%
3883Indonesien
88%
1399Marshallinseln
87%
749Tonga
85%
1303Vanuatu
84%
3409Mikronesien
82%
1160Nauru
82%
893Samoa
80%
343Kiribati
79%
1364Salomonen
79%
4827Palau
78%
6427Malaysia
75%
5679Philippinen
70%
5393Timor-Leste
68%
4002Vereinigte Staaten
55%
1460Niue
19%
1604Cookinseln
16%

Verteilung der Resultate

Perzentil nach korrekt beantworteten Fragen

Anzahl Personen mit jedem Resultat

Ihre Resultats-Entwicklung

Sie haben dieses Quiz noch nicht gespielt